A la sombra de las tres torres / (Record no. 19514)

MARC details
000 -LEADER
campo de control de longitud fija 00595nam a2200193 i 4500
001 - NÚMERO DE CONTROL
campo de control 19514
003 - IDENTIFICADOR DE NÚMERO DE CONTROL
campo de control ES-MaACL
005 - FECHA Y HORA DE LA ÚLTIMA TRANSACCIÓN
campo de control 20230906152120.0
007 - CAMPO FIJO DE DESCRIPCIÓN FÍSICA--INFORMACIÓN GENERAL
campo de control de longitud fija t|
008 - DATOS DE LONGITUD FIJA--INFORMACIÓN GENERAL
campo de control de longitud fija 021002s1971 sp ||||1| spa d
100 1# - ENTRADA PRINCIPAL--NOMBRE DE PERSONA
Nombre de persona Abad León, Felipe,
Fechas asociadas al nombre 1934-2017
9 (RLIN) 17928
245 10 - MENCIÓN DEL TÍTULO
Título A la sombra de las tres torres /
Mención de responsabilidad, etc. Felipe Abad León.
250 ## - MENCION DE EDICION
Mención de edición [1ª ed.].
260 ## - PUBLICACIÓN, DISTRIBUCIÓN, ETC.
Lugar de publicación, distribución, etc. Arnedo (Logroño) :
Nombre del editor, distribuidor, etc. [s.n.],
Fecha de publicación, distribución, etc. [1971] (
Fabricante Gráf. Isasa)
300 ## - DESCRIPCIÓN FÍSICA
Extensión 320 p., 1 lám. :
Otras características físicas il. ;
Dimensiones 21 cm.
651 #4 - PUNTO DE ACCESO ADICIONAL DE MATERIA--NOMBRE GEOGRÁFICO
Nombre geográfico Arnedo-
Subdivisión general Historia eclesiástica.
9 (RLIN) 167399
852 ## - LOCALIZACIÓN
Ubicación ES-MaACL
Número de control de estantería C-48288
Sublocalización o colección R.78237
Holdings
Estatus retirado Estado de pérdida Estado de daño No para préstamo Biblioteca de origen Biblioteca actual Ubicación en estantería Fecha de adquisición Fuente de adquisición Total de préstamos Signatura topográfica completa Código de barras Visto por última vez Precio de reemplazo Tipo de ítem Koha
        Biblioteca del Ateneo de Madrid Biblioteca del Ateneo de Madrid Depósito 2 17/01/2008     C-48288 1019966 23/02/2023 23/02/2023 Libro impreso